Basic heat transfer /
Guardado en:
| Autor Principal: | |
|---|---|
| Formato: | Libro |
| Idioma: | English |
| Publicado: |
New York :
McGraw-Hill,
c1977.
|
| Materias: | |
| Etiquetas: |
Agregar Etiqueta
Sin Etiquetas, Sea el primero en etiquetar este registro!
|
| LEADER | 00630cam a22002055a 4500 | ||
|---|---|---|---|
| 001 | EIQ.libpla003958 | ||
| 008 | 760309s1977####nyua#####b####001#0#eng#d | ||
| 005 | 20080416173452.0 | ||
| 245 | 1 | 0 | |a Basic heat transfer / |c M. Necati Özisik. |
| 260 | |a New York : |b McGraw-Hill, |c c1977. | ||
| 300 | |a xv, 572 p. : |b il. ; |c 25 cm. | ||
| 504 | |a Incluye referencias bibliográficas e índice. | ||
| 020 | |a 0070479801 | ||
| 100 | 1 | |a Özisik, M. Necati. | |
| 082 | 0 | 0 | |a 536/.2 |
| 650 | 4 | |a Calor |x Transferencia. | |
| 650 | 4 | |a Heat |x Transfer. | |
| 010 | |a 76007999 | ||
| 040 | |a DLC |c DLC |d AR-BbSID | ||
| 859 | |a AR-BbSID |b BIB. PLAPIQUI |h 536.2 |i Oz 5 |p 2892 | ||
